| 000 | 00680nam a22002057a 4500 | ||
|---|---|---|---|
| 001 | 113958 | ||
| 003 | DR-UNIBE | ||
| 005 | 20250730113353.0 | ||
| 008 | 250728b2005 dr ||||| |||| 00| 0 spa d | ||
| 040 |
_aBIBLIOTECA UNIBE _bspa _cBIBLIOTECA UNIBE |
||
| 041 | _aspa | ||
| 082 | _aF-RD 6000 | ||
| 110 | 2 |
_aRepública Dominicana. _bSecretaria de Estado de Industria y Comercio _949058 |
|
| 245 | 1 | 0 | _aLey de defensa al consumidor o usuario no. 358-05 |
| 260 |
_aSanto Domingo : _bInstituto de Protección al Consumirdor, _c2005 |
||
| 300 | _a86 páginas | ||
| 650 | 7 |
_2lemb _aProtección del consumidor |
|
| 650 | 7 |
_2lemb _aConsumidores _xLegislación _9198021 |
|
| 942 |
_2ddc _cMX |
||
| 999 |
_c113958 _d113958 |
||